00775nam a22002297a 450000500170000001000130001702000230003003500130005303700160006604000120008208200110009410000210010524500470012626000310017327000600020430000240026465000350028865000470032394200200037099900190039095201360040920170124110225.0 aB-212962 c395.00a8181520580 aB-212962 bCen Lib/Ret aDPLbEN aNbPRE aPrem, PCK930601 aNot their lives : cby PCK Premba novel / aJaipurbBook Enclavec2003 aJain Bhawan, Opp. N.E.I. , Shanti NagarbJaipure302006 avi,175p. c22cm(Hb) aIndic fiction (English)940529 aHistorical fiction, Indic (English)940530 2ddccENhNmPRE c134365d134365 00104070aLbLd2015-07-29eCen Lib/Ret g395.00l3oN PREpB-212962r2023-03-04 00:00:00s2023-02-18t1v395.00w2015-07-29yEN